[Event "Festival Maggio"]
[Site "Roma ITA"]
[Date "1997.04.??"]
[Round "2"]
[White "Scacco, Mauro"]
[Black "Scagliarini, Valentina"]
[Result "1-0"]
[WhiteElo "2035"]
[BlackElo "1771"]
[PlyCount "73"]
[EventDate "1997.04.30"]

1. e4 e6 2. d4 d5 3. Nc3 Bb4 4. e5 c5 5. a3 Bxc3+ 6. bxc3 Qc7 7. Nf3 Ne7 8. a4
Nbc6 9. Bd3 Bd7 10. O-O c4 11. Be2 f6 12. Re1 fxe5 13. Nxe5 Nxe5 14. dxe5 O-O-O
15. Bg4 Nc6 16. Bh3 h6 17. Ba3 Nxe5 18. Qd4 Nc6 19. Qxg7 Rdg8 20. Qf6 Qd8 21.
Qf3 Rg6 22. Bd6 Rhg8 23. Rab1 e5 24. Bxe5 b6 25. Rbd1 Kb7 26. Bxd7 Qxd7 27. g3
Ne7 28. Qf7 Kc8 29. Bf6 Nc6 30. Qxd7+ Kxd7 31. Rxd5+ Kc7 32. Be5+ Kc8 33. Re4
Na5 34. Rf4 Re8 35. Rf7 Rge6 36. f4 Nc6 37. Rc7+ 1-0

[Event "Festival Maggio"]
[Site "Roma ITA"]
[Date "1997.04.??"]
[Round "2"]
[White "Spaziani, Gianni"]
[Black "Galeno, Walter"]
[Result "1-0"]
[WhiteElo "1716"]
[BlackElo "1803"]
[PlyCount "58"]
[EventDate "1997.04.30"]

1. d4 Nf6 2. c4 g6 3. Nc3 d5 4. e3 Bg7 5. Nf3 O-O 6. Be2 Bf5 7. Qb3 dxc4 8.
Bxc4 Qc8 9. Ng5 e6 10. e4 Bg4 11. f3 h6 12. Nxf7 Rxf7 13. fxg4 Re7 14. h3 c5
15. Be3 Nbd7 16. Bxe6+ Rxe6 17. Qxe6+ Kh7 18. e5 Ng8 19. O-O cxd4 20. Bxd4 Nxe5
21. Qxc8 Rxc8 22. Rad1 b6 23. Kh1 Kh8 24. Rfe1 Nc6 25. Bxg7+ Kxg7 26. Rd7+ Kh8
27. Rf1 Ne5 28. Rxa7 Rd8 29. Ne4 Nc4 1-0

[Event "Festival Maggio"]
[Site "Roma ITA"]
[Date "1997.04.??"]
[Round "2"]
[White "Steinfl, Alessandro"]
[Black "Michelena, Rodolfo"]
[Result "1-0"]
[WhiteElo "2240"]
[BlackElo "1822"]
[PlyCount "71"]
[EventDate "1997.04.30"]

1. d4 e6 2. Nf3 Nf6 3. e3 d5 4. Bd3 Bd6 5. O-O Nbd7 6. Nbd2 O-O 7. Qe2 Re8 8.
c4 c6 9. cxd5 exd5 10. b3 Nf8 11. h3 Bd7 12. Bb2 Ng6 13. Bxg6 hxg6 14. Ne5 Bxe5
15. dxe5 Nh7 16. f4 c5 17. Rfd1 Qb6 18. Nc4 dxc4 19. Rxd7 Nf8 20. Rd6 Qc7 21.
Qxc4 Rad8 22. Rad1 Rxd6 23. exd6 Qc6 24. Qc3 Ne6 25. Kf2 Rd8 26. Qe5 Qd7 27. g4
f6 28. Qd5 Kh7 29. h4 Nf8 30. f5 gxf5 31. gxf5 b6 32. h5 Qe8 33. h6 gxh6 34.
Bxf6 Rd7 35. Rg1 Rf7 36. Qg2 1-0

[Event "Festival Maggio"]
[Site "Roma ITA"]
[Date "1997.04.??"]
[Round "2"]
[White "Teodorescu, Florin Cornel"]
[Black "Laudati, Adriano"]
[Result "1-0"]
[WhiteElo "2300"]
[BlackElo "1852"]
[PlyCount "83"]
[EventDate "1997.04.30"]

1. e4 d6 2. d4 Nf6 3. Nc3 g6 4. Nf3 Bg7 5. g3 O-O 6. Bg2 c6 7. a4 Nbd7 8. O-O
e5 9. h3 Qc7 10. Be3 Re8 11. dxe5 dxe5 12. Nd2 Nf8 13. Nc4 Rd8 14. Qe2 Be6 15.
a5 Bxc4 16. Qxc4 Ne6 17. Ne2 Ne8 18. c3 Nd6 19. Qa2 Qe7 20. Rad1 Ng5 21. Qa4
Nb5 22. h4 Ne6 23. Nc1 Rxd1 24. Rxd1 Rd8 25. Bf1 Nec7 26. Bc5 Qe8 27. c4 Rxd1
28. Qxd1 Ne6 29. Be3 Nbd4 30. b4 c5 31. b5 Qd8 32. Qa4 g5 33. hxg5 Nxg5 34. Bg2
Qf6 35. Qd1 Ndf3+ 36. Bxf3 Nxf3+ 37. Kg2 Nd4 38. Bxd4 exd4 39. Qg4 Qd8 40. Nd3
Qc7 41. Qf5 b6 42. Qd5 1-0

[Event "Festival Maggio"]
[Site "Roma ITA"]
[Date "1997.04.??"]
[Round "2"]
[White "Tosoni, Augusto"]
[Black "Giangregorio, Pasquale"]
[Result "1-0"]
[WhiteElo "2056"]
[BlackElo "1767"]
[PlyCount "91"]
[EventDate "1997.04.30"]

1. e4 c6 2. d4 d5 3. e5 Bf5 4. Ne2 e6 5. Ng3 Bg6 6. Be2 Qb6 7. O-O c5 8. c3 Nc6
9. dxc5 Bxc5 10. b4 Be7 11. Be3 Qc7 12. f4 Nh6 13. Nd2 O-O 14. b5 Na5 15. Bd4
b6 16. Rc1 Ba3 17. h4 Bxc1 18. Qxc1 Qe7 19. h5 Bf5 20. Qe1 Qh4 21. Nxf5 Nxf5
22. Qxh4 Nxh4 23. g4 h6 24. Kh2 Rac8 25. Kg3 g5 26. fxg5 hxg5 27. Rc1 Kg7 28.
Nb1 Rh8 29. Be3 Kh6 30. Rf1 f5 31. exf6 Nc4 32. Bxc4 Rxc4 33. f7 Rf8 34. Bd4
Nf5+ 35. gxf5 Rxf7 36. Nd2 Ra4 37. fxe6 Re7 38. Kg4 Rxe6 39. Rf8 Re7 40. Rf6+
Kh7 41. Kxg5 Rxa2 42. Rf8 Rg7+ 43. Bxg7 Kxg7 44. Rf2 Rc2 45. h6+ Kg8 46. Kg6
1-0

[Event "Festival Maggio"]
[Site "Roma ITA"]
[Date "1997.04.??"]
[Round "2"]
[White "Trangoni, Bruno"]
[Black "Pece, Alberto"]
[Result "1-0"]
[WhiteElo "1704"]
[BlackElo "1800"]
[PlyCount "103"]
[EventDate "1997.04.30"]

1. f4 e6 2. Nf3 Nf6 3. b3 b6 4. e3 Bb7 5. Be2 Be7 6. Bb2 d6 7. O-O Nbd7 8. Nd4
a6 9. Bf3 d5 10. c4 Nc5 11. Qc2 O-O 12. Na3 Nce4 13. Rac1 c5 14. Ne2 Qd7 15.
Rfd1 d4 16. d3 Nd6 17. e4 Nfe8 18. Rf1 f6 19. Ng3 f5 20. e5 Nf7 21. Qe2 Nh6 22.
Bxb7 Qxb7 23. h3 g6 24. Rcd1 Ng7 25. Bc1 b5 26. Nh1 b4 27. Nc2 a5 28. Bd2 a4
29. Ra1 axb3 30. axb3 Rxa1 31. Rxa1 Ra8 32. Qd1 Nf7 33. Kf2 g5 34. fxg5 Rxa1
35. Qxa1 Bxg5 36. Bxg5 Nxg5 37. Ng3 Qb8 38. Qa5 Qxe5 39. Qd8+ Kf7 40. Qxg5 Qd6
41. Qc1 e5 42. Qg5 Qe6 43. Ne1 e4 44. dxe4 fxe4 45. Qf4+ Ke8 46. Qxe4 Qxe4 47.
Nxe4 Ne6 48. Nd3 Kf7 49. Nexc5 Ng5 50. h4 Ne6 51. Nxe6 Kxe6 52. Nxb4 1-0

[Event "Festival Maggio"]
[Site "Roma ITA"]
[Date "1997.04.??"]
[Round "2"]
[White "Zanobini, Andrea"]
[Black "Togni, Giampiero"]
[Result "0-1"]
[WhiteElo "1798"]
[BlackElo "1701"]
[PlyCount "112"]
[EventDate "1997.04.30"]

1. d4 Nf6 2. c4 g6 3. Nf3 Bg7 4. g3 O-O 5. Bg2 d6 6. O-O Nc6 7. Nc3 Bf5 8. d5
Nb8 9. Nd4 Bg4 10. h3 Bd7 11. b4 Qc8 12. Kh2 c5 13. dxc6 Nxc6 14. Nxc6 Bxc6 15.
Bxc6 Qxc6 16. Qd3 Rac8 17. Rb1 Qxc4 18. Qxc4 Rxc4 19. Bd2 Rfc8 20. Rfc1 Ng4+
21. hxg4 Bxc3 22. Bxc3 Rxc3 23. Rxc3 Rxc3 24. Rb2 Kf8 25. Kg2 Ke8 26. b5 Kd7
27. e3 Kc7 28. Rb4 Ra3 29. g5 Rxa2 30. Rh4 Ra5 31. Rxh7 Rxb5 32. Rxf7 Kd7 33.
f4 a5 34. Rf8 Rb6 35. f5 d5 36. f6 exf6 37. gxf6 a4 38. Ra8 Ra6 39. Rb8 Rxf6
40. Rxb7+ Kc6 41. Ra7 Kb5 42. Rb7+ Kc4 43. Ra7 Kb3 44. Rb7+ Kc4 45. Ra7 Kb5 46.
Rb7+ Rb6 47. Ra7 Ra6 48. Rb7+ Kc4 49. Rc7+ Kd3 50. Kf3 a3 51. Rd7 Ra5 52. e4 d4
53. Rd5 Rxd5 54. exd5 a2 55. d6 a1=Q 56. d7 Qa8+ 0-1

[Event "Festival Maggio"]
[Site "Roma ITA"]
[Date "1997.04.??"]
[Round "3"]
[White "Attanasi, Salvatore"]
[Black "Esposito, Marco"]
[Result "0-1"]
[WhiteElo "1705"]
[BlackElo "1779"]
[PlyCount "94"]
[EventDate "1997.04.30"]

1. e4 c6 2. d4 d5 3. exd5 cxd5 4. Bd3 Nc6 5. c3 Nf6 6. Bf4 e6 7. Nf3 Bd6 8.
Bxd6 Qxd6 9. O-O O-O 10. Re1 Nd7 11. Qe2 h6 12. Nbd2 a6 13. Ne5 Ncxe5 14. dxe5
Qe7 15. Nf3 b5 16. Nd4 Bb7 17. Qh5 Nc5 18. Bc2 Qg5 19. Qxg5 hxg5 20. Re3 Rae8
21. Rae1 Bc8 22. Nf3 f6 23. Bg6 Re7 24. Nd4 g4 25. Bc2 f5 26. f4 g6 27. h3 gxh3
28. Rxh3 Rh7 29. Rxh7 Kxh7 30. Re3 Kg7 31. Rh3 Bd7 32. Kf2 Rb8 33. a3 a5 34.
Rh1 b4 35. cxb4 axb4 36. a4 b3 37. Bd1 Bxa4 38. Rh3 Rb4 39. Ke3 Rc4 40. g4 Rc3+
41. bxc3 b2 42. Bxa4 b1=Q 43. Bc2 Qg1+ 44. Ke2 Qg2+ 45. Kd1 Qxh3 46. gxf5 Qf1+
47. Kd2 Qxf4+ 0-1

[Event "Festival Maggio"]
[Site "Roma ITA"]
[Date "1997.04.??"]
[Round "3"]
[White "Barro, Carlo"]
[Black "Petruccioli, Antonio"]
[Result "1-0"]
[WhiteElo "1762"]
[BlackElo "1926"]
[PlyCount "101"]
[EventDate "1997.04.30"]

1. Nf3 d5 2. g3 Nf6 3. d3 c6 4. Bg2 Nbd7 5. Nbd2 e5 6. O-O Bd6 7. e4 O-O 8. Nh4
Re8 9. Qe2 Qc7 10. a3 a5 11. b3 b5 12. Bb2 Bb7 13. Nf5 Bf8 14. Rad1 Rad8 15.
Rfe1 d4 16. Bc1 g6 17. Nh4 c5 18. Nb1 Nb6 19. Qf1 Nh5 20. Bf3 Ng7 21. Bg4 c4
22. Re2 c3 23. f4 f6 24. Rf2 b4 25. Re1 Bd6 26. f5 g5 27. Ng2 h5 28. Bd1 a4 29.
bxa4 Ra8 30. axb4 Rxa4 31. Bxg5 Kf7 32. Bh6 Rh8 33. Bxg7 Kxg7 34. Bf3 Bc6 35.
Qe2 Be8 36. Nh4 Bxb4 37. Ng6 Bxg6 38. fxg6 Kxg6 39. Ref1 Be7 40. Bg2 Qd7 41.
Rf5 Nc8 42. Bf3 h4 43. Bh5+ Kh7 44. Qg4 Rg8 45. Qxh4 Kg7 46. Qg4+ Kh7 47. Qh3
Qd8 48. Be8+ Kg7 49. Rg5+ Kf8 50. Qh6+ Rg7 51. Qh8+ 1-0

[Event "Festival Maggio"]
[Site "Roma ITA"]
[Date "1997.04.??"]
[Round "3"]
[White "Cattarinich, Benedetto"]
[Black "Campanile, Antonio"]
[Result "0-1"]
[WhiteElo "1807"]
[BlackElo "2200"]
[PlyCount "64"]
[EventDate "1997.04.30"]

1. d4 f5 2. Bg5 Nf6 3. Bxf6 exf6 4. e3 Qe7 5. Nh3 d5 6. Bd3 g6 7. O-O Nd7 8.
Nd2 Nb6 9. b3 Bh6 10. c4 Be6 11. Qc2 c6 12. c5 Nc8 13. b4 Qc7 14. g3 Ne7 15.
Nf4 Bd7 16. a4 Kf7 17. b5 Bxf4 18. exf4 h5 19. Rfe1 h4 20. Re3 hxg3 21. fxg3
Rhe8 22. Rae1 Qa5 23. Nb1 Ng8 24. Rxe8 Rxe8 25. Rxe8 Bxe8 26. Nc3 Qb4 27. bxc6
Qxd4+ 28. Kg2 Bxc6 29. Nb5 Qb4 30. Nc7 Ne7 31. Kh3 Bxa4 32. Qf2 Qa5 0-1

[Event "Festival Maggio"]
[Site "Roma ITA"]
[Date "1997.04.??"]
[Round "3"]
[White "Corvi, Marco"]
[Black "Teodorescu, Florin Cornel"]
[Result "1/2-1/2"]
[WhiteElo "2235"]
[BlackElo "2300"]
[PlyCount "94"]
[EventDate "1997.04.30"]

1. e4 e5 2. Nf3 Nc6 3. Bc4 Bc5 4. O-O Nf6 5. Nc3 d6 6. h3 Be6 7. d3 Qd7 8. Nd5
O-O-O 9. c3 Bb6 10. a4 a5 11. Kh2 Bxd5 12. exd5 Ne7 13. Bb5 Qf5 14. g4 Nxg4+
15. hxg4 Qxg4 16. Ng5 Qh4+ 17. Nh3 h6 18. Rg1 g5 19. Qg4+ Qxg4 20. Rxg4 f5 21.
Rg2 g4 22. Ng1 Nxd5 23. Bc4 c6 24. Bxd5 cxd5 25. Be3 Bc7 26. f4 h5 27. Rf1 Rdf8
28. Ne2 h4 29. Rh1 Kd7 30. Kg1 g3 31. Kf1 Kc6 32. Ng1 Bb6 33. Bxb6 Kxb6 34. Nh3
Rhg8 35. Re2 Rg4 36. Kg2 Re8 37. Rhe1 e4 38. d4 Rc8 39. Re3 Ka6 40. Ra1 Rc6 41.
Ra3 Rb6 42. Re2 Rc6 43. Ra1 Rc4 44. Re3 b6 45. Ra2 Kb7 46. Ra3 Ka6 47. Ra2 Kb7
1/2-1/2

[Event "Festival Maggio"]
[Site "Roma ITA"]
[Date "1997.04.??"]
[Round "3"]
[White "Fantazzini, Massimiliano"]
[Black "Galeno, Walter"]
[Result "1-0"]
[WhiteElo "1753"]
[BlackElo "1803"]
[PlyCount "67"]
[EventDate "1997.04.30"]

1. c4 e5 2. Nc3 d6 3. g3 f5 4. d3 Nf6 5. Bg2 Be7 6. e3 O-O 7. Nge2 Kh8 8. O-O
Nbd7 9. Rb1 c6 10. b3 Qe8 11. Ba3 Qh5 12. d4 Rf7 13. dxe5 dxe5 14. Bxe7 Rxe7
15. Qd6 Rf7 16. Rbd1 g5 17. Rd2 f4 18. exf4 gxf4 19. f3 Nf8 20. Qd8 b6 21. gxf4
Bb7 22. Qd3 exf4 23. Nxf4 Qh6 24. Nce2 c5 25. Qc3 Kg8 26. Rd6 Qg5 27. Nh3 Qh4
28. Qe5 Re8 29. Qg3+ Qxg3 30. Nxg3 Ng6 31. Ng5 Rff8 32. Ne6 Rf7 33. Nd8 Rfe7
34. Nxb7 1-0

[Event "Festival Maggio"]
[Site "Roma ITA"]
[Date "1997.04.??"]
[Round "3"]
[White "Farina, Saverio"]
[Black "Steinfl, Alessandro"]
[Result "0-1"]
[WhiteElo "2170"]
[BlackElo "2240"]
[PlyCount "72"]
[EventDate "1997.04.30"]

1. d4 c5 2. e3 g6 3. c4 Bg7 4. Nc3 Nh6 5. Nf3 O-O 6. Be2 cxd4 7. exd4 d6 8. O-O
Bg4 9. h3 Bxf3 10. Bxf3 Nc6 11. Be3 Nf5 12. Ne2 Qb6 13. Bxc6 bxc6 14. Qd2 Rab8
15. b3 a5 16. Qd3 Rfe8 17. Rad1 Nxe3 18. fxe3 e5 19. Kh1 Qb4 20. d5 e4 21. Qc2
c5 22. Rf2 a4 23. bxa4 Qa3 24. Qc1 Qxa4 25. Rdf1 f5 26. Nf4 Rb4 27. Rc2 Reb8
28. Qd2 Rxc4 29. Rfc1 Rxc2 30. Rxc2 Rb1+ 31. Kh2 Be5 32. g3 Qb5 33. Ne2 Qd3 34.
Qa5 Bf6 35. Qd2 Rd1 36. Qa5 Qxc2 0-1

[Event "Festival Maggio"]
[Site "Roma ITA"]
[Date "1997.04.??"]
[Round "3"]
[White "Franchi, Jose' Maria"]
[Black "Pezzaldi, Roberto"]
[Result "1-0"]
[WhiteElo "1846"]
[BlackElo "2105"]
[PlyCount "89"]
[EventDate "1997.04.30"]

1. e4 e6 2. d4 d5 3. Nd2 c5 4. Ngf3 cxd4 5. Nxd4 Nc6 6. Nxc6 bxc6 7. Bd3 Qc7 8.
Qe2 Bd6 9. Nf3 f6 10. Nd4 Kf7 11. exd5 exd5 12. Qh5+ Kf8 13. O-O Be5 14. Be3
Ne7 15. c3 g6 16. Qh4 Kf7 17. f4 Bxd4 18. Bxd4 Qd6 19. b4 Nf5 20. Bxf5 Bxf5 21.
g4 Bd3 22. Rfe1 Be4 23. Qh6 Qf8 24. Qh4 Qd6 25. Qh6 Qf8 26. Qh4 Qd6 27. g5 h6
28. Qf2 Qd7 29. Re3 Qf5 30. Bxf6 Rhe8 31. Qh4 h5 32. Qf2 Bd3 33. Rxe8 Kxe8 34.
Qe3+ Be4 35. a4 Qg4+ 36. Qg3 Qf3 37. Qxf3 Bxf3 38. Kf2 Be4 39. Re1 Rb8 40. Bd4
a6 41. a5 Kd7 42. h4 Re8 43. Be5 Re6 44. Ke3 Re8 45. Kd4 $139 1-0

[Event "Festival Maggio"]
[Site "Roma ITA"]
[Date "1997.04.??"]
[Round "3"]
[White "Giangregorio, Pasquale"]
[Black "Marzano, Carlo"]
[Result "1/2-1/2"]
[WhiteElo "1767"]
[BlackElo "2175"]
[PlyCount "72"]
[EventDate "1997.04.30"]

1. c4 c6 2. Nc3 d5 3. d4 Nf6 4. cxd5 cxd5 5. Nf3 Nc6 6. Bf4 Bf5 7. e3 e6 8. Bd3
Bxd3 9. Qxd3 Be7 10. O-O O-O 11. Rac1 Qa5 12. a3 Rfc8 13. Rc2 Qd8 14. Rfc1 h6
15. h3 Nd7 16. Na4 a6 17. b4 Bf8 18. Nc5 Nxc5 19. bxc5 b6 20. cxb6 Qxb6 21. e4
Ne7 22. Rxc8 Rxc8 23. Rxc8 Nxc8 24. Qc2 Na7 25. a4 Qc6 26. Qb3 Nc8 27. Ne5 Qb6
28. Qc3 Qb7 29. Qc6 Qxc6 30. Nxc6 Nb6 31. Nb8 Nxa4 32. Nxa6 Nc3 33. Kf1 Nb5 34.
Be3 Ba3 35. Ke2 h5 36. Kd3 Bd6 1/2-1/2

[Event "Festival Maggio"]
[Site "Roma ITA"]
[Date "1997.04.??"]
[Round "3"]
[White "Laudati, Adriano"]
[Black "Pienabarca, Nicola"]
[Result "0-1"]
[WhiteElo "1852"]
[BlackElo "1950"]
[PlyCount "176"]
[EventDate "1997.04.30"]

1. d4 Nf6 2. c4 e6 3. Nc3 Bb4 4. e3 c5 5. a3 Bxc3+ 6. bxc3 d6 7. Bd3 e5 8. f3
Nc6 9. Ne2 Nh5 10. O-O f5 11. Qc2 O-O 12. Bd2 b6 13. Be1 Qe7 14. Bf2 Bd7 15.
Rae1 Rae8 16. Ng3 Nxg3 17. Bxg3 Qf6 18. Bf2 Qg6 19. Kh1 Qh6 20. Rd1 Bc8 21.
Rfe1 Na5 22. Qa4 e4 23. Be2 Bb7 24. Qc2 exf3 25. Bxf3 Bxf3 26. gxf3 Qe6 27.
dxc5 dxc5 28. Rd5 Nxc4 29. Qd3 Ne5 30. Qd1 Qc6 31. Bg3 Ng6 32. Rd6 Qa8 33. Qd5+
Qxd5 34. Rxd5 Rd8 35. Red1 Rxd5 36. Rxd5 Re8 37. Bf2 Ne5 38. a4 Nc4 39. Rd7
Nxe3 40. Rxa7 Nd1 41. Kg1 Nxc3 42. Ra6 Ne2+ 43. Kf1 Nd4 44. Bxd4 cxd4 45. Rxb6
Re3 46. Kf2 Ra3 47. Rb4 Ra2+ 48. Kg3 d3 49. Rd4 d2 50. h4 Rxa4 51. Rxd2 Kf7 52.
Rd6 Ke7 53. Rb6 Rd4 54. Rb7+ Rd7 55. Rb6 Rd6 56. Rb7+ Kf6 57. Ra7 Re6 58. Rb7
Kg6 59. Rb5 Kf6 60. Kf4 g6 61. Rb7 h6 62. Rh7 g5+ 63. hxg5+ hxg5+ 64. Kg3 Kg6
65. Rb7 Kh5 66. Rh7+ Rh6 67. Rg7 Rb6 68. Rh7+ Kg6 69. Ra7 Rb1 70. Ra6+ Kh5 71.
Ra5 f4+ 72. Kg2 Kh4 73. Ra2 Rb3 74. Rc2 g4 75. fxg4 Kxg4 76. Kf2 Rh3 77. Kg2
Ra3 78. Rb2 Ra1 79. Kf2 Ra3 80. Kg2 Rg3+ 81. Kf2 Rh3 82. Kg2 f3+ 83. Kg1 Kg3
84. Rb3 Rh4 85. Rc3 Ra4 86. Rc1 Ra2 87. Rb1 Rg2+ 88. Kf1 Rh2 0-1

[Event "Festival Maggio"]
[Site "Roma ITA"]
[Date "1997.04.??"]
[Round "3"]
[White "Michelena, Rodolfo"]
[Black "Quimi, Marco"]
[Result "0-1"]
[WhiteElo "1822"]
[BlackElo "2245"]
[PlyCount "60"]
[EventDate "1997.04.30"]

1. b3 b6 2. Bb2 Bb7 3. Nf3 Nf6 4. e3 e6 5. d4 Be7 6. Be2 O-O 7. Nbd2 d5 8. O-O
Nbd7 9. c4 a5 10. Qc2 c5 11. Rfd1 Qc7 12. Rac1 Rfc8 13. Bd3 cxd4 14. exd4 Qf4
15. Nf1 dxc4 16. bxc4 Bxf3 17. gxf3 Qxf3 18. Be2 Qe4 19. Rd3 Rxc4 20. Qxc4 Qxe2
21. Rc2 Qe4 22. Rg3 h6 23. Re2 Qd5 24. Qc1 Nh5 25. Ne3 Nxg3 26. hxg3 Qf3 27.
Qf1 Nf6 28. d5 exd5 29. Ng2 Bc5 30. Nh4 Qxg3+ 0-1

[Event "Festival Maggio"]
[Site "Roma ITA"]
[Date "1997.04.??"]
[Round "3"]
[White "Moroni, Marco"]
[Black "Di Lascio, Savino"]
[Result "1-0"]
[WhiteElo "1785"]
[BlackElo "1927"]
[PlyCount "101"]
[EventDate "1997.04.30"]

1. e4 c6 2. Nf3 d5 3. Nc3 dxe4 4. Nxe4 g6 5. Bc4 Bg7 6. c3 Nh6 7. d4 O-O 8. Bg5
Nd7 9. h3 Kh8 10. Qd2 Ng8 11. h4 f6 12. Be3 Qc7 13. Bxg8 Kxg8 14. Bh6 Rf7 15.
Bxg7 Rxg7 16. h5 g5 17. O-O-O Qa5 18. Kb1 Nb6 19. Nc5 Bf5+ 20. Ka1 Nc4 21. Qe2
b5 22. Nd2 Nxd2 23. Rxd2 b4 24. Qc4+ Kf8 25. cxb4 Qb5 26. Qxb5 cxb5 27. d5 Rd8
28. f3 g4 29. f4 g3 30. a3 h6 31. Re1 Rg4 32. Nb7 Rb8 33. Nc5 Rxf4 34. d6 exd6
35. Rxd6 Rb6 36. Nd7+ Kf7 37. Nxb6 axb6 38. Rxb6 Be4 39. Rc1 Ke7 40. Re1 Kf7
41. Rc1 Ke7 42. Re1 f5 43. Rxb5 Kf6 44. Rb6+ Ke5 45. Rxh6 Rf2 46. b5 Kf4 47.
Rg6 Bxg2 48. h6 Be4 49. Rg1 g2 50. R6xg2 Bxg2 51. h7 1-0

[Event "Festival Maggio"]
[Site "Roma ITA"]
[Date "1997.04.??"]
[Round "3"]
[White "Passerotti, Pierluigi"]
[Black "Tosoni, Augusto"]
[Result "1-0"]
[WhiteElo "2300"]
[BlackElo "2056"]
[PlyCount "163"]
[EventDate "1997.04.30"]

1. d4 Nf6 2. Nf3 g6 3. c4 Bg7 4. Nc3 O-O 5. e4 d6 6. Be2 e5 7. O-O exd4 8. Nxd4
Re8 9. f3 c6 10. Nc2 Be6 11. Ne3 Na6 12. Qd2 Nc7 13. f4 d5 14. cxd5 cxd5 15. f5
d4 16. fxe6 Nxe6 17. Ned5 dxc3 18. Nxc3 Qxd2 19. Bxd2 Nc5 20. Bb5 Ncxe4 21.
Bxe8 Nxd2 22. Rf2 Nc4 23. Bb5 Nd6 24. Rd1 Nf5 25. h3 h5 26. Bd3 Ng3 27. Bc4 Rc8
28. b3 Re8 29. Rfd2 Re7 30. Nd5 Nxd5 31. Rxd5 Bh6 32. Rd7 Kf8 33. Rxe7 Kxe7 34.
Re1+ Kf8 35. Kf2 h4 36. Bd5 b6 37. Bc6 Nf5 38. Re8+ Kg7 39. Rd8 Be3+ 40. Ke1
Bc5 41. Rd7 a5 42. Bd5 Ne7 43. Ke2 f5 44. Kd3 Kf6 45. Bb7 g5 46. Kc4 g4 47.
hxg4 fxg4 48. Rd1 Nf5 49. Kd3 Ke5 50. Re1+ Kf4 51. Rf1+ Kg5 52. Bc6 h3 53. gxh3
gxh3 54. Rh1 Ne7 55. Bd7 Nd5 56. Bxh3 Nb4+ 57. Kc4 Nxa2 58. Rf1 Be3 59. Rf3 Bc5
60. Rf1 Nb4 61. Be6 Nc2 62. Kd3 Nd4 63. Bd5 Nf5 64. Bg8 Nd6 65. Be6 Kg6 66. Rf3
Kg7 67. Bd5 Kg6 68. Be4+ Kg5 69. Bd5 Kg6 70. Ke2 Kg5 71. Rf1 Kg6 72. Bc6 Kg5
73. Bd7 Kg6 74. Rf4 Kg5 75. Rf8 Ne4 76. Rf5+ Kg6 77. Rf4 Nf6 78. Be6 Kg5 79.
Rf5+ Kg6 80. Kf3 Bd4 81. Kf4 Kg7 82. Kg5 {...} 1-0

[Event "Festival Maggio"]
[Site "Roma ITA"]
[Date "1997.04.??"]
[Round "3"]
[White "Pece, Alberto"]
[Black "Diena, Giovanni"]
[Result "1/2-1/2"]
[WhiteElo "1800"]
[BlackElo "1540"]
[PlyCount "94"]
[EventDate "1997.04.30"]

1. e4 e5 2. Nf3 Nc6 3. Bc4 Bc5 4. c3 Nf6 5. d4 exd4 6. cxd4 Bb4+ 7. Bd2 Bxd2+
8. Nbxd2 O-O 9. O-O d6 10. Re1 Bg4 11. Nb3 a6 12. Rc1 h6 13. Bd3 Re8 14. Bb1
Bh5 15. a3 Rc8 16. Qd3 Bg6 17. Nfd2 d5 18. f3 dxe4 19. fxe4 Re7 20. Qc4 Nd7 21.
Nf3 Qe8 22. e5 Bxb1 23. Rxb1 Nb6 24. Qc2 Nd8 25. Rbd1 Nd5 26. Qf5 Ne6 27. Nbd2
Qd7 28. Ne4 Nf8 29. Qxd7 Nxd7 30. Rc1 Rce8 31. Nc5 Nxc5 32. dxc5 c6 33. Kf2 f6
34. exf6 Rxe1 35. Rxe1 Rxe1 36. Nxe1 Nxf6 37. Nd3 Kf7 38. Kf3 Ke6 39. h3 Nd5
40. Ke4 Nf6+ 41. Kd4 Nd5 42. Nf2 Nf4 43. g4 g5 44. b4 Ne2+ 45. Kd3 Nf4+ 46. Ke4
Nd5 47. Kd4 Nf4 1/2-1/2

[Event "Festival Maggio"]
[Site "Roma ITA"]
[Date "1997.04.??"]
[Round "3"]
[White "Proietti, Giorgio"]
[Black "Bono, Leonardo"]
[Result "0-1"]
[WhiteElo "1717"]
[BlackElo "1765"]
[PlyCount "74"]
[EventDate "1997.04.30"]

1. d4 g6 2. c4 Bg7 3. Nc3 d6 4. e4 Nc6 5. Be3 e5 6. d5 Nce7 7. f3 f5 8. Nge2
Nf6 9. Nc1 O-O 10. Nd3 a5 11. Be2 Bd7 12. c5 f4 13. Bf2 g5 14. cxd6 cxd6 15.
Na4 Nc8 16. b3 g4 17. Rc1 Be8 18. Ndb2 Bg6 19. Nc3 Nb6 20. Nb5 Rf7 21. Nc4 Nxc4
22. Rxc4 Bf8 23. Qc2 Nxd5 24. fxg4 Ne3 25. Bxe3 fxe3 26. Nc3 Rf2 27. g3 b5 28.
Nd1 Rxe2+ 29. Kxe2 bxc4 30. bxc4 Rc8 31. Nxe3 d5 32. Qb2 Bxe4 33. Rd1 d4 34.
Nf5 Rb8 35. Qd2 Qf6 36. Rf1 d3+ 37. Ke3 Qg5+ 0-1

[Event "Festival Maggio"]
[Site "Roma ITA"]
[Date "1997.04.??"]
[Round "3"]
[White "Scagliarini, Bruno"]
[Black "Quinto, Gianni"]
[Result "0-1"]
[WhiteElo "1728"]
[BlackElo "2195"]
[PlyCount "80"]
[EventDate "1997.04.30"]

1. c4 c5 2. Nc3 b6 3. Nf3 Nf6 4. g3 Bb7 5. Bg2 e6 6. e3 Be7 7. d4 O-O 8. O-O
cxd4 9. exd4 d6 10. b3 Nbd7 11. Bb2 a6 12. Re1 Rc8 13. Rc1 Re8 14. Qd2 Qc7 15.
h4 Qb8 16. Qf4 b5 17. cxb5 axb5 18. a4 bxa4 19. Nxa4 Bc6 20. Nc3 Qxb3 21. Ba1
Qa3 22. g4 Nf8 23. g5 Ng6 24. Qh2 Nh5 25. Rc2 Qa5 26. Ra2 Qf5 27. d5 Bxd5 28.
Nxd5 Qxd5 29. Rd2 Qf5 30. Red1 Rc4 31. Nd4 Qg4 32. Kf1 Qxh4 33. Qg1 Ne5 34. Nf3
Nxf3 35. Bxf3 Nf4 36. Ra2 Qh3+ 37. Bg2 Qb3 38. Rad2 Rc5 39. Qh2 Qc4+ 40. Kg1
Rxg5 0-1

[Event "Festival Maggio"]
[Site "Roma ITA"]
[Date "1997.04.??"]
[Round "3"]
[White "Scagliarini, Valentina"]
[Black "Guarnieri, Giuseppe"]
[Result "0-1"]
[WhiteElo "1771"]
[BlackElo "1921"]
[PlyCount "98"]
[EventDate "1997.04.30"]

1. e4 d5 2. exd5 Qxd5 3. Nc3 Qa5 4. d4 c6 5. Nf3 Nf6 6. Bd2 Qc7 7. Be2 Bf5 8.
O-O e6 9. Re1 Nbd7 10. a3 Bd6 11. h3 Rd8 12. Nh4 Bg6 13. Bc4 Kf8 14. Bg5 Bf4
15. Nxg6+ hxg6 16. Bxf4 Qxf4 17. Ne2 Qh4 18. Qc1 g5 19. f3 Nh5 20. Qe3 Ng3 21.
Qf2 Nxe2+ 22. Rxe2 Qxf2+ 23. Kxf2 Nb6 24. Bd3 Rxd4 25. Re5 Rd5 26. Rae1 Ke7 27.
Kg3 Rxe5 28. Rxe5 f6 29. Re1 Nd7 30. Kf2 Ne5 31. Ke3 Nxd3 32. Kxd3 Rd8+ 33. Ke3
Rd5 34. Kf2 Rd2+ 35. Re2 Rxe2+ 36. Kxe2 Kd6 37. Kd3 Ke5 38. Ke3 f5 39. c3 Kd5
40. b3 b5 41. Kd3 e5 42. Ke3 a5 43. Kd3 e4+ 44. Kd2 a4 45. bxa4 bxa4 46. fxe4+
fxe4 47. g3 Kc4 48. Kc2 e3 49. g4 c5 0-1

[Event "Festival Maggio"]
[Site "Roma ITA"]
[Date "1997.04.??"]
[Round "3"]
[White "Simeone, Giulio"]
[Black "Scacco, Mauro"]
[Result "0-1"]
[WhiteElo "1714"]
[BlackElo "2035"]
[PlyCount "65"]
[EventDate "1997.04.30"]

1. c4 d6 2. d4 Nf6 3. Nc3 g6 4. e4 Bg7 5. f3 O-O 6. Be3 b6 7. Qd2 c5 8. d5 e6
9. dxe6 Bxe6 10. O-O-O Nc6 11. Qxd6 Nd4 12. Qg3 Qc8 13. Nd5 Qa6 14. Kb1 Qa4 15.
Nc3 Qb4 16. Nge2 Nxe2 17. Bxe2 Nxe4 18. fxe4 Bxc3 19. Bc1 Bd4 20. Qb3 Qxb3 21.
axb3 b5 22. Bh6 Rfe8 23. Bd3 bxc4 24. bxc4 Rab8 25. Rd2 Rb4 26. Rc1 Reb8 27.
Rcc2 a5 28. Bf4 R8b7 29. h3 a4 30. Ka2 a3 31. bxa3 Rb1 32. Rc3 Bxc3 33. Bxb1
0-1

[Event "Festival Maggio"]
[Site "Roma ITA"]
[Date "1997.04.??"]
[Round "3"]
[White "Simeoni, Matteo"]
[Black "Monteleone, Antonio"]
[Result "0-1"]
[WhiteElo "1797"]
[BlackElo "2195"]
[PlyCount "87"]
[EventDate "1997.04.30"]

1. e4 e6 2. d4 d5 3. Nc3 Nf6 4. Bg5 Bb4 5. Bd3 dxe4 6. Bxe4 h6 7. Bxf6 Qxf6 8.
Nf3 O-O 9. O-O Nd7 10. Re1 c6 11. Bd3 Qd8 12. Re3 Nf6 13. Ne5 c5 14. Ne2 cxd4
15. Nxd4 Bc5 16. Nef3 b6 17. Re5 Bb7 18. Bc4 Bxd4 19. Qxd4 Bxf3 20. Qxd8 Rfxd8
21. gxf3 Rd4 22. Bd3 Nd7 23. Re3 Nc5 24. Rd1 Rad8 25. Kf1 Kf8 26. Ke2 Na4 27.
Rb1 Rb4 28. c3 Rxb2+ 29. Rxb2 Nxb2 30. Bb5 Nd1 31. Rd3 Rxd3 32. Kxd3 Nxf2+ 33.
Kc4 Ke7 34. Bc6 Kd6 35. Kb5 f5 36. Be8 e5 37. Ka6 e4 38. fxe4 fxe4 39. Kxa7 Kc5
40. Bh5 e3 41. a4 g5 42. Be2 g4 43. Kb7 h5 44. Kc7 0-1